Cơ học ứng dụng

Sách trình bày kiến thức về cơ học ứng dụng. Cơ học vật rắn (động học, tĩnh học, động lực học và sức bền vật liệu).

Bewaard in:
Bibliografische gegevens
Hoofdauteur: Đỗ, Sanh
Formaat: Boek
Taal:Undetermined
Gepubliceerd in: Hà Nội Giáo dục 2006
Onderwerpen:
Tags: Voeg label toe
Geen labels, Wees de eerste die dit record labelt!
Thư viện lưu trữ: Trung tâm Học liệu Trường Đại học Cần Thơ
LEADER 00755nam a2200205Ia 4500
001 CTU_122748
008 210402s9999 xx 000 0 und d
020 |c 25000 
082 |a 531 
082 |b S107 
100 |a Đỗ, Sanh 
245 0 |a Cơ học ứng dụng 
245 0 |c Đỗ Sanh , Nguyễn Văn Vượng 
260 |a Hà Nội 
260 |b Giáo dục 
260 |c 2006 
520 |a Sách trình bày kiến thức về cơ học ứng dụng. Cơ học vật rắn (động học, tĩnh học, động lực học và sức bền vật liệu). 
650 |a Mechanics, applied,Cơ học, ứng dụng 
904 |i Giang 
980 |a Trung tâm Học liệu Trường Đại học Cần Thơ